| 000 | 02065cam a22005298i 4500 | ||
|---|---|---|---|
| 001 | qbo01368668 | ||
| 003 | OCoLC | ||
| 005 | 20200320192234.0 | ||
| 008 | 140115s2014 nyu b 000 1 eng | ||
| 010 | _a 2013050623 | ||
| 019 |
_a864750429 _a869365382 |
||
| 020 | _a9780778704423 (reinforced library binding) | ||
| 020 | _a0778704424 (reinforced library binding) | ||
| 020 | _a9780778704508 (pbk.) | ||
| 020 | _a0778704505 (pbk.) | ||
| 020 | _z9781427175625 (electronic pdf) | ||
| 020 | _z9781427175540 (electronic html) | ||
| 035 |
_a(OCoLC)864750443 _z(OCoLC)864750429 _z(OCoLC)869365382 |
||
| 037 |
_a1368668 _bQBI |
||
| 040 |
_aDLC _beng _erda _cDLC _dYDXCP _dBTCTA _dBDX |
||
| 042 |
_apcc _alcac |
||
| 050 | 0 | 0 |
_aPZ7.J286 _bLit 2014 |
| 082 | 0 | 0 |
_a[E] _223 |
| 100 | 1 |
_aJarman, Julia. _95887673 |
|
| 245 | 1 | 0 |
_aLittle Bad Riding Hood / _cwritten by Julia Jarman ; illustrated by Jane Cope. |
| 263 | _a1402 | ||
| 264 | 1 |
_aNew York, New York : _bCrabtree Publishing Company, _c2014. |
|
| 300 | _apages cm. | ||
| 336 | _atext | ||
| 337 | _aunmediated | ||
| 338 | _avolume | ||
| 490 | 0 | _aTadpoles: fairytale twists | |
| 520 | _aAfter an encounter with a wolf, Little Bad Riding Hood thoughtlessly eats all of the little cakes that she was supposed to bring to her grandmother, then makes a substitution that mught just trick her sick Granny. Includes puzzles and notes for adults. | ||
| 650 | 1 |
_aBehavior _vFiction. _95673643 |
|
| 650 | 1 |
_aWolves _vFiction. _95685977 |
|
| 650 | 1 |
_aGrandmothers _vFiction. _95686024 |
|
| 650 | 1 |
_aHumorous stories. _95887674 |
|
| 700 | 1 |
_aCope, Jane, _eillustrator. _95887675 |
|
| 938 |
_aYBP Library Services _bYANK _n11408256 |
||
| 938 |
_aBaker and Taylor _bBTCP _nBK0014138917 |
||
| 938 |
_aBrodart _bBROD _n108388387 |
||
| 942 |
_cBOOK _020 |
||
| 948 |
_a03/26/2014 _zSirsi |
||
| 994 |
_aZ0 _bQBX |
||
| 948 | _hNO HOLDINGS IN QBX - 5 OTHER HOLDINGS | ||
| 996 |
_a108365 _b34301001287145 _cEL _dbk _ewcl _fi _g20 _h17.56 _lquality _mJar _p04/11/2014 _q11/20/2019 _r10/02/2019 |
||
| 999 |
_c283391 _d283391 |
||